00623 2200229 4500001002100000005001500021035002000036245012100056100001700177250002000194300003100214856000600245700000600251260004400257082001100301084001700312020002000329600001800349520000600367990001000373990001000383INLIS00000000003862520251003112923 a0010-10250000331 aUndang undang Republik Indonesia nomor 4 tahun 1990 tentang Serah Simpan Cetak dan Karya rekam :b- /cPerpusnas RI0 aPerpusnas RI atidak diketahui a21 hlm :b- ;c11x18 cme- a-0 a- aJakarta :bPerpustakaan Nasional,c2006 a346.16 a346.16 PER u atidak diketahui 4aUndang Undang a- a500/h a500/h